The pawful truth (Record no. 412285)
[ view plain ]
| 000 -LEADER | |
|---|---|
| fixed length control field | 02591cam a2200457 i 4500 |
| 001 - CONTROL NUMBER | |
| control field | 1105735954 |
| 003 - CONTROL NUMBER IDENTIFIER | |
| control field | OCoLC |
| 005 - DATE AND TIME OF LATEST TRANSACTION | |
| control field | 20251006111612.0 |
| 008 - FIXED-LENGTH DATA ELEMENTS--GENERAL INFORMATION | |
| fixed length control field | 190618t20192019meu d 000 1 eng |
| 010 ## - LIBRARY OF CONGRESS CONTROL NUMBER | |
| LC control number | 2019025457 |
| 020 ## - INTERNATIONAL STANDARD BOOK NUMBER | |
| International Standard Book Number | 9781432866495 |
| 020 ## - INTERNATIONAL STANDARD BOOK NUMBER | |
| International Standard Book Number | 1432866494 |
| 035 ## - SYSTEM CONTROL NUMBER | |
| System control number | (OCoLC)1105735954 |
| Canceled/invalid control number | (OCoLC)1111648698 |
| 040 ## - CATALOGING SOURCE | |
| Original cataloging agency | DLC |
| Language of cataloging | eng |
| Description conventions | rda |
| Transcribing agency | DLC |
| Modifying agency | OCLCO |
| -- | OCLCF |
| -- | YDX |
| -- | GO4 |
| -- | BKL |
| 042 ## - AUTHENTICATION CODE | |
| Authentication code | pcc |
| 092 ## - LOCALLY ASSIGNED DEWEY CALL NUMBER (OCLC) | |
| Feature heading | Large Fiction |
| Item number | JAMES, MIRANDA |
| 100 1# - MAIN ENTRY--PERSONAL NAME | |
| Personal name | James, Miranda, |
| Relator term | author. |
| 9 (RLIN) | 5789402 |
| 245 14 - TITLE STATEMENT | |
| Title | The pawful truth |
| Medium | [text (large print)] / |
| Statement of responsibility, etc | Miranda James. |
| 250 ## - EDITION STATEMENT | |
| Edition statement | Large print edition. |
| 263 ## - PROJECTED PUBLICATION DATE | |
| Projected publication date | 1911. |
| 264 #1 - Production, Publication, Distribution, Manufacture, and Copyright Notice. | |
| Place of production, publication, distribution, manufacture | Waterville, Maine : |
| Name of producer, publisher, distributor, manufacturer | Wheeler Publishing, a part of Gale, a Cengage Company Gale, |
| Date of production, publication, distribution, manufacture, or copyr | 2019. |
| 264 #4 - Production, Publication, Distribution, Manufacture, and Copyright Notice. | |
| Date of production, publication, distribution, manufacture, or copyr | ©2019. |
| 300 ## - PHYSICAL DESCRIPTION | |
| Extent | 403 pages (large print) ; |
| Dimensions | 22 cm. |
| 336 ## - Content Type | |
| Content type term | text |
| 337 ## - Media type | |
| Media type term | unmediated |
| 338 ## - Carrier type | |
| Carrier type term | volume |
| 490 1# - SERIES STATEMENT | |
| Series statement | A cat in the stacks mystery. |
| 490 1# - SERIES STATEMENT | |
| Series statement | Wheeler Publishing large print cozy mystery. |
| 520 ## - SUMMARY, ETC. | |
| Summary, etc | "Charlie is thoroughly enjoying a course on early medieval history offered by young, charismatic history professor Carey Warriner. Warriner is married to Irene, a beautiful colleague at the college. Charlie is charmed to discover that Irene Warriner writes historical romance under a pseudonym. He has read several of her books, and he recalls that the heroes in the books are all tall, muscular, blondes. When he meets one of Carey Warriner's colleagues in the history department, he is struck by his resemblance to Irene's fictional heroes. Charlie soon learns that the Warriner marriage may be on the rocks. Both Carey and Irene have been spotted with possible paramours and the gossip mill is working overtime. When a body turns up, Charlie finds himself once again involved in murder. This time it looks like a crime of passion. Whose jealousy finally erupted into murderous rage? Charlie and Diesel must navigate the labyrinth of tangled relationships and arrive at the truth"-- |
| 650 #0 - SUBJECT ADDED ENTRY--TOPICAL TERM | |
| Topical term or geographic name as entry element | Harris, Charlie (Fictitious character) |
| Form subdivision | Fiction. |
| 9 (RLIN) | 6541294 |
| 650 #0 - SUBJECT ADDED ENTRY--TOPICAL TERM | |
| Topical term or geographic name as entry element | Murder |
| General subdivision | Investigation |
| Form subdivision | Fiction. |
| 9 (RLIN) | 5673630 |
| 650 #0 - SUBJECT ADDED ENTRY--TOPICAL TERM | |
| Topical term or geographic name as entry element | Librarians |
| Form subdivision | Fiction. |
| 9 (RLIN) | 5696227 |
| 650 #0 - SUBJECT ADDED ENTRY--TOPICAL TERM | |
| Topical term or geographic name as entry element | Cats |
| Form subdivision | Fiction. |
| 9 (RLIN) | 5674208 |
| 655 #7 - INDEX TERM--GENRE/FORM | |
| Genre/form data or focus term | Mystery fiction. |
| Source of term | gsafd. |
| 655 #7 - INDEX TERM--GENRE/FORM | |
| Genre/form data or focus term | Detective and mystery fiction. |
| Source of term | lcgft. |
| 9 (RLIN) | 5683641 |
| 690 ## - LOCAL SUBJECT ADDED ENTRY--TOPICAL TERM (OCLC, RLIN) | |
| Topical term or geographic name as entry element | LARGE PRINT COLLECTION. |
| 800 1# - SERIES ADDED ENTRY--PERSONAL NAME | |
| Personal name | James, Miranda. |
| Title of a work | Cat in the stacks mystery ; |
| Volume/sequential designation | 11. |
| 9 (RLIN) | 5789404 |
| 830 #0 - SERIES ADDED ENTRY--UNIFORM TITLE | |
| Uniform title | Wheeler large print cozy mystery. |
| 9 (RLIN) | 52828 |
| 907 ## - LOCAL DATA ELEMENT G, LDG (RLIN) | |
| a | .b418661327 |
| 942 ## - ADDED ENTRY ELEMENTS (KOHA) | |
| Source of classification or shelving scheme | Dewey Decimal Classification |
| Koha item type | BOOK |
| Withdrawn status | Lost status | Source of classification or shelving scheme | Damaged status | Not for loan | Collection code | Home library | Current library | Shelving location | Date acquired | Source of acquisition | Total Checkouts | Full call number | Barcode | Date last seen | Date checked out | Cost, replacement price | Price effective from | Koha item type |
|---|---|---|---|---|---|---|---|---|---|---|---|---|---|---|---|---|---|---|
| Dewey Decimal Classification | Large Print From State Library | Wasatch County Library | Wasatch County Library | First Floor | 10/06/2025 | Utah State Library Division | 1 | LP 27104 | 34301002102582 | 10/21/2025 | 10/16/2025 | 20.00 | 10/06/2025 | BOOK |
